|
|
|
|
| LEADER |
01624nam a22004574a 4500 |
| 001 |
EBC182671 |
| 003 |
MiAaPQ |
| 005 |
20200520144314.0 |
| 006 |
m o d | |
| 007 |
cr cn||||||||| |
| 008 |
030430s2003 enk sb 001 0 eng |
| 010 |
|
|
|z 2003046901
|
| 016 |
7 |
|
|z 012913230
|2 Uk
|
| 020 |
|
|
|z 0415323355
|
| 035 |
|
|
|a (MiAaPQ)EBC182671
|
| 035 |
|
|
|a (Au-PeEL)EBL182671
|
| 035 |
|
|
|a (CaPaEBR)ebr10101305
|
| 035 |
|
|
|a (CaONFJC)MIL5791
|
| 035 |
|
|
|a (OCoLC)475897015
|
| 040 |
|
|
|a MiAaPQ
|c MiAaPQ
|d MiAaPQ
|
| 050 |
|
4 |
|a HB846
|b .S29 2003
|
| 082 |
0 |
4 |
|a 330.15/56
|2 21
|
| 100 |
1 |
|
|a Sartorius, Christian,
|d 1959-
|
| 245 |
1 |
3 |
|a An evolutionary approach to social welfare
|h [electronic resource] /
|c Christian Sartorius.
|
| 260 |
|
|
|a London ;
|a New York :
|b Routledge,
|c 2003.
|
| 300 |
|
|
|a xvi, 247 p.
|
| 490 |
1 |
|
|a Routledge frontiers of political economy ;
|v 51
|
| 504 |
|
|
|a Includes bibliographical references (p. [220]-239) and index.
|
| 533 |
|
|
|a Electronic reproduction. Ann Arbor, MI : ProQuest, 2015. Available via World Wide Web. Access may be limited to ProQuest affiliated libraries.
|
| 650 |
|
0 |
|a Welfare economics.
|
| 650 |
|
0 |
|a Social justice.
|
| 650 |
|
0 |
|a Social choice.
|
| 650 |
|
0 |
|a Social values.
|
| 650 |
|
0 |
|a Social policy.
|
| 650 |
|
0 |
|a Public welfare.
|
| 650 |
|
0 |
|a Evolutionary economics.
|
| 650 |
|
0 |
|a Economics
|x Moral and ethical aspects.
|
| 655 |
|
4 |
|a Electronic books.
|
| 710 |
2 |
|
|a ProQuest (Firm)
|
| 830 |
|
0 |
|a Routledge frontiers of political economy ;
|v 51.
|
| 856 |
4 |
0 |
|u https://ebookcentral.proquest.com/lib/matrademy/detail.action?docID=182671
|z Click to View
|